HEOROES OF OLYMPUS (Record no. 3893)
[ view plain ]
| 000 -LEADER | |
|---|---|
| fixed length control field | 00656nam a22001457a 4500 |
| 020 ## - INTERNATIONAL STANDARD BOOK NUMBER | |
| ISBN | 978-0-141-33573-5 |
| 082 ## - DEWEY DECIMAL CLASSIFICATION NUMBER | |
| Classification number | 823 |
| Item number | RIO/H |
| 100 ## - MAIN ENTRY--AUTHOR NAME | |
| Personal name | RIORDAN, RICK |
| 245 ## - TITLE STATEMENT | |
| Title | HEOROES OF OLYMPUS |
| Remainder of title | THE SON OF NEPTUNE |
| 260 ## - PUBLICATION, DISTRIBUTION, ETC. (IMPRINT) | |
| Place of publication | UNITED KINGDOM |
| Name of publisher | PUFFIN BOOKS |
| Year of publication | 2011 |
| 300 ## - PHYSICAL DESCRIPTION | |
| Number of Pages | 510 |
| 520 ## - SUMMARY, ETC. | |
| Summary, etc | The story follows the adventures of amnesiac Percy Jackson, a demigod son of Neptune also known as Poseidon, as he meets a camp of Roman demigods and goes to Alaska with his new friends Hazel Levesque and Frank Zhang to free the Greek god of death, Thanatos, and help save the world from Gaea, the earth goddess. |
| 650 ## - SUBJECT ADDED ENTRY--TOPICAL TERM | |
| Topical Term | NOVEL |
| Geographic subdivision | UNITED KINGDOM |
| 942 ## - ADDED ENTRY ELEMENTS (KOHA) | |
| Koha item type | Books |
| Withdrawn status | Lost status | Collection code | Home library | Current library | Shelving location | Date acquired | Source of acquisition | Cost, normal purchase price | Full call number | Accession Number | Koha item type |
|---|---|---|---|---|---|---|---|---|---|---|---|
| Fiction | Main Library | Main Library | SHELF-14-K- ALPHABETICAL- R --ENGLISH NOVELS & FICTIONS | 24/01/2019 | purchase | 399.00 | 823 RIO/H | 10608 | Books |